| 000 | 01119nam a22003617a 4500 | ||
|---|---|---|---|
| 001 | 0055778 | ||
| 003 | KOHA_MİRAKIL | ||
| 005 | 20260207004030.0 | ||
| 007 | ta | ||
| 008 | 160215b2009 tu |||gr||||#||||0|tur | | ||
| 020 | _a9789758599486 | ||
| 040 |
_aTR-BiSEU _btur _cTR-BiSEU _erda |
||
| 041 | 0 | _atur | |
| 044 | _ctu | ||
| 050 |
_aTH441 _b.B39 2009 |
||
| 100 | 1 | _aBaytop, Firuzan . | |
| 245 | 1 |
_aİnşaat uygulamalarında : _bokullarda öğretilmeyenler/ _cFiruzan Baytop ; Firuzan Baytop. |
|
| 264 | 1 |
_aİstanbul : _bYem _c2009 |
|
| 300 | _a91 sayfa: resimli; 25 cm. | ||
| 336 |
_ametin _btxt _2rdacontent |
||
| 337 |
_aaracısız _bn _2rdamedia |
||
| 338 |
_acilt _bnc _2rdacarrier |
||
| 490 | 1 |
_aYem Yayın ; _v101. |
|
| 500 | _aKaynakça var. | ||
| 650 | 0 |
_aBuildings failures. _978232 |
|
| 650 | 0 |
_aBuildings--Natural disaster effects. _999443 |
|
| 650 | 0 |
_aDwellings. _999444 |
|
| 650 | 0 |
_aWalls--Thermal properties. _999445 |
|
| 650 | 0 |
_aDampness in building. _999446 |
|
| 650 | 0 |
_aConstruction industry --Safety measures. _999447 |
|
| 830 | 1 |
_aYem Yayın ; _v101. _999412 |
|
| 942 |
_2lcc _cBK |
||
| 999 |
_c55586 _d55586 |
||